000 00233nam a22000857a 4500
008 160705b xxu||||| |||| 00| 0 eng d
100 _92157
_a Thairani, K
245 _aThe Wise and the Wily
260 _aNew Delhi
_bNational Book Trust
_c1982
999 _c1849
_d1849